000 00364 a2200169 4500
001 61927
020 _a9788599306659
040 _cAnchieta - Pituba
100 _aShakespearde, William
240 1 0 _aRomeu e Julieta
_lpor
245 1 0 _aRomeu e Julieta
300 _a51
362 0 _a2012
440 1 _aElementar
650 4 _aLiteratura juvenil
942 _cBK
999 _c61927
_d61927